banner koha

MDGC-MS analysis of essential oils from Protium heptaphyllum (Aubl.) and their antifungal activity against Candida specie (Registro n. 300455)

MARC details
000 -LÍDER
fixed length control field 05521nab a2200349 i 4500
003 - CÓDIGO MARC DA AGÊNCIA CATALOGADORA
Campo de controle BR-BrBNA
005 - DATA E HORA DA ÚLTIMA ATUALIZAÇÃO
Campo de controle 20240709104141.0
008 - CAMPO DE TAMANHO FIXO
fixed length control field 240709b2016 bl.qr|pooa||| 00| 0 eng |
040 ## - FONTE DA CATALOGAÇÃO
Agência catalogadora BR-BrBNA
Idioma da catalogação eng
072 ## - CATEGORIA AGRIS
Código AGRIS F60
100 ## - ENTRADA PRINCIPAL - NOME PESSOAL
Nome pessoal Mobin, M.
100 ## - ENTRADA PRINCIPAL - NOME PESSOAL
Nome pessoal De Lima, S.G.
100 ## - ENTRADA PRINCIPAL - NOME PESSOAL
Nome pessoal Almeida, L.T.G.
100 ## - ENTRADA PRINCIPAL - NOME PESSOAL
Nome pessoal Takahashi, J.P.
100 ## - ENTRADA PRINCIPAL - NOME PESSOAL
Nome pessoal Teles, J.B.
100 ## - ENTRADA PRINCIPAL - NOME PESSOAL
Nome pessoal Szeszs, M.W.
100 ## - ENTRADA PRINCIPAL - NOME PESSOAL
Nome pessoal Martins, M.A.
100 ## - ENTRADA PRINCIPAL - NOME PESSOAL
Nome pessoal Carvalho, A.A.
100 ## - ENTRADA PRINCIPAL - NOME PESSOAL
Nome pessoal Melhem, M.S.C.
245 ## - TÍTULO PRINCIPAL
Título principal MDGC-MS analysis of essential oils from Protium heptaphyllum (Aubl.) and their antifungal activity against Candida specie
500 ## - NOTA GERAL
Nota geral Publicação on-line; 42 ref.; 3 tables; 2 illus.; Summaries (En, Pt)
942 ## - ADDED ENTRY ELEMENTS (KOHA)
Koha item type
520 ## - NOTA DE RESUMO
Nota de conteúdo <br/><br/>ABSTRACT: <br/><br/>Protium heptaphyllum is found in the Amazon region, and in various Brazilian<br/>states and South American countries. Also Known as almecega, it produces an oil resin used<br/>in traditional medicine as analgesic, anti-inflammatory, cicatrizant and expectorant, it is rich<br/>in pentacyclic triterpenes and essential oil. The main objective of this study was to analyze<br/>the chemical composition of P. heptaphyllumresin (OEPh) over different extraction times and<br/>to evaluate their antifungal activity against Candida species, obtained from gardeners with<br/>onychomycosis, using the disk diffusion method. The OEPh was obtained by hydrodistillation and<br/>analyzed by Multidimensional Gas Chromatography coupled with Mass Spectrometry (MDGC /<br/>MS). Candida species were obtained from lesions on the nails of horticulturist from a community<br/>garden in the city of Teresina, Piauí, Brazil. The antifungal activity in concentrations of 1000<br/>µg/L, 500 µg/L and 250 µg/L, PROTOCOL M44-A2 (CLSI 2009) OEPh was tested. The main<br/>constituents identified were: l-limonene, α-terpineol, p-cineol, o-cymene and α-phellandrene,<br/>however, its composition varies significantly with extraction time. All species, except C. rugosa,<br/>were inhibited with halo (≥ 14 mm) at 1000 μg / L. C. krusei is naturally resistant to the drug<br/>fluconazole, but when tested with OEPh the clinical species (case 9) demonstrated sensitivity<br/>in three dilutions (halo ≤ 10 ≥ 14) and the standard strain was inhibited at concentration of 1000<br/>μg/Lg / L (halo 14mm). A similar situation also occurred with the standard strain of C. parapsilosis<br/>(halo ≥ 11mm). OEPh has considerable antifungal activity, which merits further investigation for<br/>alternative clinical applications, since this species is widely distributed in our community, and it<br/>presents good yields, and also has important therapeutic applications.<br/><br/>Key words: Protiumheptaphyllum, Análise Química, Candida, susceptibilidade, onicomicoses
520 ## - NOTA DE RESUMO
Nota de conteúdo <br/><br/>RESUMO: <br/><br/>Análise MDGC-MS de óleos essenciais de Protium heptaphyllum (Aubl.) e<br/>sua atividade antifúngica contra espécies de Candida. Protium heptaphyllum é encontrada<br/>na região amazônica, em vários estados do Brasil e países da América do Sul. Conhecida<br/>como almecega produz uma resina oleosa usada na medicina popular como analgésica, antiinflamatória, <br/>cicatrizante e expectorante, é rica em triterpenos pentaciclicos e óleo essencial.<br/>O objetivo principal do presente trabalho foi analisar a composição química do óleo essencial<br/>da resina P. heptaphyllum (OEPh) em diferentes tempo de extração e avaliarsuaatividade<br/>antifúngica contra espécies de Candida, isoladas de horticultores com onicomicoses, por<br/>método de disco-difusão. O OEPh foi obtido por hidrodestilação, analisado por Cromatografia<br/>Gasosa Multidimensinal Acoplada a Espectrometria de Massas (MDGC/MS). As espécies de<br/>Candida foram obtidas de lesões nas unhas de horticultores de uma horta comunitária na<br/>cidade de Teresina, Piauí, Brasil. Testou-se a atividade antifúngica do OEPhnas concentrações<br/>de 1000 μg/L, 500 μg/L e 250 μg/L, protocolo M44-A2 (CLSI 2009). Os principais constituintes<br/>identificados foram l- limoneno, α-terpineol, p-cineol, o-cimeno e α-felandreno, entretanto, sua<br/>composição varia significativamente em decorrência do tempo de extração. Todas as espécies,<br/>exceto a C. rugosa, foram inibidas com halo ( Χ ≥ 14 mm) na concentração de 1000 μg/L.<br/>C. krusei é naturalmente resistente ao fármaco fluconazol, mas quando testado com OEPh,a espécie <br/>clínico (caso 9) demonstrou sensibilidade nas três diluições (halo Χ ≤ 10 ≥ 14) e a cepa<br/>padrão foi inibida na concentração de 1000 μg/L (halo Χ 14mm). Fato semelhante também<br/>ocorreu com a cepa padrão de C. parapsilosis (halo Χ ≥ 11mm). O OEPh possui atividade<br/>antifúngica considerável, merecendo uma investigação mais aprofundada para aplicações<br/>clínicas alternativas, uma vez que esta espécie é amplamente distribuída em nossa comunidade,<br/>apresenta bom rendimento e, ainda, aplicações terapêuticas importantes.<br/><br/>Palavra-chaves: Protium heptaphyllum, Análise Química, Candida, Susceptibilidade,<br/>Onicomicoses
650 ## - ASSUNTO - THESAGRO
Cabeçalho tópico ou nome geográfico PROTIUM HEPTAPHYLLUM
650 ## - ASSUNTO - THESAGRO
Cabeçalho tópico ou nome geográfico ANÁLISE QUÍMICA
650 ## - ASSUNTO - THESAGRO
Cabeçalho tópico ou nome geográfico CANDIDÍASE
650 ## - ASSUNTO - THESAGRO
Cabeçalho tópico ou nome geográfico PLANTA MEDICINAL
773 0# - ENTRADA ANALÍTICA
Host Biblionumber 3543
Registro do item 316438
Imprenta Botucatu-SP Instituto de Biociências - Departamento de Química e Bioquímica 1998
Outro identificador 2024-2930
Título Revista Brasileira de Plantas Medicinais (Brazil)
ISSN 1516-0572
Colação v. 18(2) p. 531-538; (2016)
Número de controle de registro BR2024001500
856 ## - ACESSO E ENDEREÇO ELETRÔNICO
Identificador uniforme de recurso - URI https://www.scielo.br/j/rbpm/a/Jmmh8CdcK8TvF8SZtzR7R4f/?format=pdf&lang=en

Nenhum exemplar disponível.

BINAGRI

Telefone: (61)3218-2567/2388/3357/2097 - binagri@agro.gov.br

Ministério da Agricultura e Pecuária , Esplanada dos Ministérios, Bloco D, Anexo B, Brasília/DF, CEP: 70.043-900